Odgadnij państwo po jednej podpowiedzi - Statystyki

Ogólne statystyki
  • Ten quiz został rozwiązany 129 razy
  • Średni wynik to 6 z 10
Statystyki odpowiedzi
Podpowiedź Państwo % Poprawnych
Dawna jugosławia Serbia
81%
Państwo które posiada najwięcej żubrów Polska
78%
Składa się z czterech państw Wielka brytania
67%
Jedyne państwo w Australii i Oceaniiktóre ma granice Papua-Nowa Gwinea
63%
Ma na godle czarnego orła na żółtym tle Niemcy
62%
Największe państwo ,które mastolicę tą samą jak jego nazwa Meksyk
55%
To państwoma najwięcej wysp na świecie Szwecja
52%
Rosja ma z tym państwem malutkągranice Korea północna
51%
Nie można w nim żuć gumybalonowej Singapur
49%
Jako jedyne państwo ma na fladze kolor fioletowy Dominika
29%
Nie znaleziono quizów pasujących do podanych kryteriów
Rozkład punktacji
Procent ludzi z każdym wynikiem
Percentyl według liczby udzielonych odpowiedzi
Twoja historia wyników
Nie rozwiązałeś tego quizu